| 000 | 00534nam a22002057a 4500 | ||
|---|---|---|---|
| 003 | OSt | ||
| 005 | 20140310181940.0 | ||
| 008 | 130724t xxu||||| |||| 00| 0 eng d | ||
| 020 | _a0333020758 | ||
| 050 |
_aPR 5318 _b.Sc425 1969 |
||
| 082 |
_aCLA _bSco8i 1969 |
||
| 100 |
_aScott, Sir Walter _93602 |
||
| 245 |
_aIvanhoe / _cSir Walter Scott. |
||
| 260 |
_aLondon : _bMacmillan Education Ltd, _cc1969. |
||
| 300 |
_a140 p. : _c18 cm. |
||
| 541 | _j1 | ||
| 562 | _e1 | ||
| 650 |
_aFiction. _9746 |
||
| 942 |
_2lcc _cBBK _kCLA |
||
| 999 |
_c7637 _d7637 |
||